000 01784nam a2200409 a 4500
001 ebr10642198
003 CaPaEBR
006 m u
007 cr cn|||||||||
008 111212s2012 paub sb 001 0 eng d
010 _z 2011049639
020 _z9780812244212 (hardcover : acid-free paper)
020 _z9780812206753 (e-book)
040 _aCaPaEBR
_cCaPaEBR
035 _a(OCoLC)824522195
043 _ae-sp---
050 1 4 _aDS135.S75
_bA787 2012eb
082 0 4 _a305.892/40465509023
_223
100 1 _aTartakoff, Paola.
245 1 0 _aBetween Christian and Jew
_h[electronic resource] :
_bconversion and inquisition in the crown of Aragon, 1250-1391 /
_cPaola Tartakoff.
250 _a1st ed.
260 _aPhiladelphia :
_bUniversity of Pennsylvania Press,
_cc2012.
300 _ax, 209 p. :
_bmaps,.
490 1 _aThe Middle Ages series
504 _aIncludes bibliographical references (p. [175]-197) and index.
505 0 _apt. I. Before the tribunal -- pt. II. At the font of new life -- pt. III. By the fire.
533 _aElectronic reproduction.
_bPalo Alto, Calif. :
_cebrary,
_d2013.
_nAvailable via World Wide Web.
_nAccess may be limited to ebrary affiliated libraries.
650 0 _aJews
_zSpain
_zAragon
_xHistory
_yTo 1500.
650 0 _aChristian converts from Judaism
_zSpain
_zAragon
_xHistory
_yTo 1500.
650 0 _aJudaism
_xRelations
_xChristianity
_xHistory
_yTo 1500.
650 0 _aChristianity and other religions
_xJudaism
_xHistory
_yTo 1500.
651 0 _aAragon (Spain)
_xEthnic relations.
655 7 _aElectronic books.
_2local
710 2 _aebrary, Inc.
830 0 _aMiddle Ages series.
856 4 0 _uhttp://site.ebrary.com/lib/rucke/Doc?id=10642198
_zAn electronic book accessible through the World Wide Web; click to view
999 _c32578
_d32578